Juan Mena : poeta del prerrnacimiento español /

Estudio sobre el más característico poeta español del siglo XV. La autora enfatiza, sin desconocer las diferencias entre la literatura española rencacentista y la medieval, la profunda unidad que enlaza ambas épocas. De acuerdo a la autora, Juan de Mena es la figua más representativa de esta transic...

Celý popis

Uloženo v:
Podrobná bibliografie
Hlavní autor: Lida de Malkiel, María Rosa (autor)
Médium: Kniha
Jazyk:španělština
Vydáno: México : El Colegio de México : Fondo de Cultura Económica, 1950, c1950
Edice:(Nueva Revista de Filología Hispánica ; 1)
Témata:
Tagy: Přidat tag
Žádné tagy, Buďte první, kdo vytvoří štítek k tomuto záznamu!

MARC

LEADER 00000nam^a2200000^a^4500
001 000157831
005 20250521000000.0
009 20260310100552.92
037 |a Acervo ITESO - Biblioteca 
041 |a ESP 
082 |a 860. 94602  |b LID 
100 |a Lida de Malkiel, María Rosa  |e (autor) 
245 1 0 |a Juan Mena :  |b poeta del prerrnacimiento español /  |c M.R. Lida de Malkiel. 
264 4 |a México :  |b El Colegio de México :  |b Fondo de Cultura Económica,  |c 1950, c1950 
300 |a 589 p. 
336 |a texto  |b txt  |2 rdacontenido 
337 |a sin mediación  |b n  |2 rdamedio 
338 |a volumen  |b nc  |2 rdasoporte 
440 1 |a (Nueva Revista de Filología Hispánica ;  |v 1) 
520 |a Estudio sobre el más característico poeta español del siglo XV. La autora enfatiza, sin desconocer las diferencias entre la literatura española rencacentista y la medieval, la profunda unidad que enlaza ambas épocas. De acuerdo a la autora, Juan de Mena es la figua más representativa de esta transición. 
649 |a XX 
650 |a Escritores Españoles 
650 |a Romances Españoles -  |x Historia y Crítica 
650 |a Poesía Española -  |x Historia y Crítica 
650 |a Literatura Española -  |y Siglo XV 
650 |a Literatura Española -  |x Historia y Crítica 
650 |a Mena, Juan de 
910 |a Fondo Salvador Reynoso Reynoso 
920 |a Impresos - Libros 
930 |a Fondos Especiales 
940 |a Literatura 
905 |a 112 
901 |a 0800016323  |b IT2  |c ESP  |u 20250521 
902 |a https://opac.biblio.iteso.mx/vufind/Record/000157831